Poczet Antypolaków - Statystyki

Ogólne statystyki
  • Ten quiz został rozwiązany 159 razy
  • Średni wynik to 5 z 16
Statystyki odpowiedzi
Obrazkowy Odpowiedź % Poprawnych
Jerzy Urban
90%
Bolesław Bierut
79%
Bohdan Chmielnicki
53%
Stepan Bandera
47%
Jakub Szela
41%
Czesław Kiszczak
40%
Feliks Dzierżyński
40%
Konstanty Rokossowski
38%
Hans Frank
25%
Stanisław Szczęsny Potocki
21%
Eligiusz Niewiadomski
13%
Frans Timmermans
13%
Jan Tomasz Gross
13%
Jakub Berman
11%
Israel Katz
4%
Ludwik Kalkstein
3%
Nie znaleziono quizów pasujących do podanych kryteriów
Rozkład punktacji
Procent ludzi z każdym wynikiem
Percentyl według liczby udzielonych odpowiedzi
Twoja historia wyników
Nie rozwiązałeś tego quizu